书目信息 |
| 题名: |
共产主义运动中的“左派”幼稚病
|
|
| 作者: | 列宁 著 ;中共中央马克思恩格斯列宁斯大林著作编译局 编 | |
| 分册: | ||
| 出版信息: | 北京 人民出版社 1949 |
|
| 页数: | 98页 | |
| 开本: | 20cm | |
| 丛书名: | ||
| 单 册: | ||
| 中图分类: | A226 | |
| 科图分类: | ||
| 主题词: | 共产主义运动-列宁著作 , 列宁著作-共产主义运动 | |
| 电子资源: | ||
| ISBN: | ||
| 000 | 00934nam0 2200241 45 | |
| 001 | 0193017058 | |
| 005 | 20060731161124.39 | |
| 010 | @dCNY0.29 | |
| 100 | @a19800101d1949 em y0chiy0121 ea | |
| 101 | 1 | @achi@crus |
| 102 | @aCN@b110000 | |
| 105 | @ay z 001yy | |
| 200 | 10 | @a共产主义运动中的“左派”幼稚病@AGONG CHAN ZHU YI YUN DONG ZHONG DE ZUO PAI YOU ZHI BING@f(苏)列 宁著@F( SU ) LIE NING ZHU@g中共中央马克思恩格斯列宁斯大林著作编译局编 |
| 210 | @a北京@c人民出版社@d1949 | |
| 215 | @a98页@d20cm | |
| 540 | 1 | @a共产主义 运动 左派 幼稚病@AGONG CHAN ZHU YI YUN DONG ZUO PAI YOU ZHI BING |
| 606 | @a共产主义运动-列宁著作 | |
| 606 | @a列宁著作-共产主义运动 | |
| 690 | @aA226@v三版 | |
| 701 | 1 | @a列宁@ALIE NING@4著 |
| 712 | 02 | @a中共中央马克思恩格斯列宁斯大林著作编译局@AZHONG GONG ZHONG YANG MA KE SI EN GE SI LIE NING SI DA LIN ZHU ZUO BIAN YI JU@4编 |
| 801 | 0 | @aCN@bTSSF@c20060731 |
| 905 | @a10447@dA226@e20:2005 | |
| 共产主义运动中的“左派”幼稚病/(苏)列 宁著/中共中央马克思恩格斯列宁斯大林著作编译局编.-北京:人民出版社,1949 |
| 98页;20cm |
| ISBN :CNY0.29 |
| ● |
| 相关链接 |
|
|
|
|
正题名:共产主义运动中的"左派"幼稚病
索取号:A226/20:2005
 
预约/预借
| 序号 | 登录号 | 条形码 | 馆藏地/架位号 | 状态 | 备注 |
| 1 | 0440980 | 204409808 | 密集书库/ [索取号:A226/20:2005] | 在馆 |